[Event "Wuerttemberg-ch Seniors 16th"]
[Site "Freudenstadt"]
[Date "2004.05.10"]
[Round "9"]
[White "Trommsdorff, Friedrich"]
[Black "Rahn, Oskar"]
[Result "1/2-1/2"]
[WhiteElo "2185"]
[BlackElo "2047"]
[PlyCount "188"]
[EventDate "2004.05.02"]
[EventType "swiss"]
[EventRounds "9"]
[EventCountry "GER"]
[SourceTitle "EXT 2006"]
[Source "ChessBase"]
[SourceDate "2005.11.24"]
[SourceVersion "1"]
[SourceVersionDate "2005.11.24"]
[SourceQuality "1"]

1. d4 d5 2. c4 e6 3. Nc3 Nf6 4. Bg5 Be7 5. e3 Nbd7 6. Nf3 a6 7. Qc2 dxc4 8. Bxc4 b5 9. Be2 Bb7 10. 0-0 Rc8 11. a4 b4 12. Na2 Nd5 13. Bxe7 Qxe7 14. Bd3 h6 15. Qe2 Qd6 16. Nd2 c5 17. Rfc1 0-0 18. Ne4 Qb6 19. a5 Qa7 20. Nd6 Rc6 21. Nxb7 Qxb7 22. g3 Rfc8 23. b3 cxd4 24. Rxc6 Rxc6 25. exd4 Qc7 26. Qe1 Qxa5 27. Nc3 Qc7 28. Nxd5 exd5 29. Bxa6 Rc3 30. Qe7 Nf6 31. Qxb4 Ne4 32. Bf1 Qc8 33. Re1 Rc2 34. Bd3 Rb2 35. Bxe4 dxe4 36. Rxe4 Qf5 37. Qe1 Rxb3 38. Re8+ Kh7 39. Qe4 Qxe4 40. Rxe4 Rd3 41. Kf1 f5 42. Rf4 Kg6 43. Ke2 Ra3 44. Rf3 Ra2+ 45. Ke1 Kf6 46. Re3 Ra4 47. Rd3 Ke6 48. Ke2 g5 49. h3 Kd5 50. Ke3 Ra1 51. g4 f4+ 52. Kf3 Ra4 53. Rb3 Ra6 54. Rb4 Ra3+ 55. Kg2 Ra6 56. h4 gxh4 57. Kf3 Rf6 58. Rb5+ Kxd4 59. Rh5 h3 60. Rxh3 Ke5 61. Rh5+ Ke6 62. Ra5 Kf7 63. Ra4 Kg6 64. Rxf4 Ra6 65. Rf5 Ra3+ 66. Kg2 Ra4 67. Kg3 Ra3+ 68. f3 Ra4 69. Re5 Kf6 70. Rb5 Ra6 71. Kh4 Kg6 72. f4 Ra1 73. Rb6+ Kg7 74. f5 Rh1+ 75. Kg3 Rg1+ 76. Kf3 Rf1+ 77. Kg2 Ra1 78. Rg6+ Kh7 79. Re6 Ra3 80. Re7+ Kg8 81. Kf2 h5 82. gxh5 Rh3 83. h6 Rxh6 84. Kg3 Kf8 85. Ra7 Rb6 86. Kf4 Rb4+ 87. Kg5 Rb6 88. Rc7 Ra6 89. f6 Ra1 90. Rc5 Kf7 91. Rc7+ Kf8 92. Kf5 Rf1+ 93. Ke6 Re1+ 94. Kd6 Rd1+ 1/2-1/2

[Event "Wuerttemberg-ch Seniors 16th"]
[Site "Freudenstadt"]
[Date "2004.05.04"]
[Round "3"]
[White "Trommsdorff, Friedrich"]
[Black "Neumann, Erwin"]
[Result "1/2-1/2"]
[WhiteElo "2185"]
[BlackElo "2030"]
[PlyCount "38"]
[EventDate "2004.05.02"]
[EventType "swiss"]
[EventRounds "9"]
[EventCountry "GER"]
[SourceTitle "EXT 2006"]
[Source "ChessBase"]
[SourceDate "2005.11.24"]
[SourceVersion "1"]
[SourceVersionDate "2005.11.24"]
[SourceQuality "1"]

1. d4 Nf6 2. c4 e6 3. Nf3 d5 4. Nc3 Nbd7 5. cxd5 exd5 6. g3 b6 7. Bg2 Bb7 8. 0-0 Be7 9. Bf4 a6 10. Rc1 0-0 11. Ne5 Bd6 12. Qb3 Re8 13. Nxd5 Bxd5 14. Bxd5 Nxd5 15. Nc6 Nxf4 16. Nxd8 Nxe2+ 17. Kg2 Raxd8 18. Rcd1 Nf6 19. Rfe1 Re4 1/2-1/2

[Event "GER-chT Seniors 12th"]
[Site "Finsterbergen"]
[Date "2003.08.16"]
[Round "7.3"]
[White "Nautsch, Werner"]
[Black "Trommsdorff, Friedrich"]
[Result "1-0"]
[WhiteElo "2264"]
[BlackElo "2202"]
[PlyCount "71"]
[EventDate "2003.08.10"]
[EventType "team"]
[EventRounds "7"]
[EventCountry "GER"]
[SourceTitle "EXT 2012"]
[Source "ChessBase"]
[SourceDate "2011.11.24"]
[SourceVersion "1"]
[SourceVersionDate "2011.11.24"]
[SourceQuality "1"]
[WhiteTeam "Nordrhein Westfalen"]
[BlackTeam "Brandenburg"]
[WhiteTeamCountry "GER"]
[BlackTeamCountry "GER"]

1. d4 d6 2. e4 e5 3. Nf3 Nd7 4. Nc3 Ngf6 5. Be2 Be7 6. 0-0 0-0 7. Re1 c6 8. h3 Qc7 9. Be3 Re8 10. a4 a5 11. Qd2 Bf8 12. d5 Nc5 13. Bxc5 dxc5 14. dxc6 bxc6 15. Bc4 Rd8 16. Qg5 h6 17. Qe3 Rd4 18. Qe2 Rd7 19. b3 g6 20. Red1 Nh5 21. Rxd7 Bxd7 22. Qe3 Nf4 23. Ne2 Nxe2+ 24. Qxe2 Be8 25. Rd1 Be7 26. Qe3 Kg7 27. Qc3 f6 28. Be6 Rd8 29. Rf1 Rd6 30. Bc4 Qb6 31. Nxe5 Rd4 32. Nf3 Rxe4 33. Re1 Rxe1+ 34. Qxe1 Qd8 35. Qe6 Qd1+ 36. Ne1 1-0

[Event "GER-chT Seniors 12th"]
[Site "Finsterbergen"]
[Date "2003.08.10"]
[Round "1.3"]
[White "Potthammel, Joerg"]
[Black "Trommsdorff, Friedrich"]
[Result "1-0"]
[WhiteElo "2110"]
[BlackElo "2202"]
[PlyCount "41"]
[EventDate "2003.08.10"]
[EventType "team"]
[EventRounds "7"]
[EventCountry "GER"]
[SourceTitle "EXT 2012"]
[Source "ChessBase"]
[SourceDate "2011.11.24"]
[SourceVersion "1"]
[SourceVersionDate "2011.11.24"]
[SourceQuality "1"]
[WhiteTeam "Mecklenburg Vorpommern"]
[BlackTeam "Brandenburg"]
[WhiteTeamCountry "GER"]
[BlackTeamCountry "GER"]

1. e4 c6 2. d4 d5 3. e5 g6 4. Nf3 Bg7 5. Be2 Nh6 6. c3 0-0 7. h4 Bg4 8. Ng5 Bxe2 9. Qxe2 e6 10. h5 Nf5 11. g4 Bh6 12. Nxh7 Bxc1 13. Nf6+ Kg7 14. gxf5 exf5 15. hxg6 Rh8 16. Rg1 fxg6 17. Nd2 Bxb2 18. Rb1 Bxc3 19. Rxb7+ Kf8 20. Qe3 Qa5 21. e6 1-0

[Event "Brandenburg-ch Seniors 08th"]
[Site "Uckley"]
[Date "2000.06.21"]
[Round "6"]
[White "Trommsdorff, Friedrich"]
[Black "Gensch, Manfred"]
[Result "1-0"]
[WhiteElo "2104"]
[BlackElo "1777"]
[PlyCount "107"]
[EventDate "2000.06.16"]
[EventType "swiss"]
[EventRounds "7"]
[EventCountry "GER"]
[SourceTitle "EXT 2006"]
[Source "ChessBase"]
[SourceDate "2005.11.24"]
[SourceVersion "1"]
[SourceVersionDate "2005.11.24"]
[SourceQuality "1"]

1. d4 e6 2. c4 Nf6 3. Nf3 b6 4. Bg5 Be7 5. Nc3 Bb7 6. e3 Ne4 7. Bxe7 Qxe7 8. Bd3 Nxc3 9. bxc3 0-0 10. 0-0 d5 11. Qc2 g6 12. cxd5 exd5 13. Rfe1 f5 14. Qb3 Kg7 15. Nd2 Nd7 16. a4 Nf6 17. f3 Nd7 18. a5 a6 19. Qb2 b5 20. c4 c6 21. e4 fxe4 22. fxe4 dxe4 23. Rxe4 Qg5 24. Rae1 Rf7 25. c5 Raf8 26. Rf1 Rxf1+ 27. Bxf1 Qf6 28. Qc1 Qg5 29. Qe1 Rf7 30. g3 Bc8 31. Re8 Rf8 32. Re7+ Rf7 33. Rxf7+ Kxf7 34. Ne4 Qd5 35. Nd6+ Kf6 36. Qf2+ Kg7 37. Nxc8 Nf6 38. Bg2 Qd8 39. Nd6 Qxa5 40. Bxc6 Qa1+ 41. Kg2 b4 42. Nc4 a5 43. Qb2 Qe1 44. Nxa5 Ng4 45. Nc4 h5 46. d5+ Kh7 47. d6 b3 48. d7 Qd1 49. Qd2 Qxd2+ 50. Nxd2 b2 51. d8Q Ne3+ 52. Kf3 Nc4 53. Qd7+ Kh6 54. Qd4 1-0

[Event "Brandenburg-ch Seniors 08th"]
[Site "Uckley"]
[Date "2000.06.17"]
[Round "2"]
[White "Trommsdorff, Friedrich"]
[Black "Merker, David"]
[Result "1-0"]
[WhiteElo "2104"]
[BlackElo "1610"]
[PlyCount "31"]
[EventDate "2000.06.16"]
[EventType "swiss"]
[EventRounds "7"]
[EventCountry "GER"]
[SourceTitle "EXT 2006"]
[Source "ChessBase"]
[SourceDate "2005.11.24"]
[SourceVersion "1"]
[SourceVersionDate "2005.11.24"]
[SourceQuality "1"]

1. d4 d5 2. c4 Nf6 3. cxd5 Nxd5 4. e4 Nf6 5. Bd3 Bg4 6. f3 Bh5 7. Ne2 e6 8. Qb3 b6 9. Bg5 Be7 10. Bxf6 gxf6 11. Qb5+ Qd7 12. Qxh5 e5 13. Nbc3 exd4 14. Nd5 c6 15. Nxd4 cxd5 16. Bb5 1-0

[Event "Brandenburg-ch Seniors 08th"]
[Site "Uckley"]
[Date "2000.06.16"]
[Round "1"]
[White "Goerg, Edgar"]
[Black "Trommsdorff, Friedrich"]
[Result "0-1"]
[WhiteElo "1723"]
[BlackElo "2104"]
[PlyCount "72"]
[EventDate "2000.06.16"]
[EventType "swiss"]
[EventRounds "7"]
[EventCountry "GER"]
[SourceTitle "EXT 2006"]
[Source "ChessBase"]
[SourceDate "2005.11.24"]
[SourceVersion "1"]
[SourceVersionDate "2005.11.24"]
[SourceQuality "1"]

1. d4 Nf6 2. c4 e6 3. Nc3 d5 4. Nf3 c5 5. Bg5 cxd4 6. Nb5 a6 7. Nbxd4 dxc4 8. e4 Bb4+ 9. Bd2 Bxd2+ 10. Qxd2 b5 11. a4 Nxe4 12. Qc2 Qa5+ 13. Nd2 Bb7 14. Be2 0-0 15. f3 e5 16. Nf5 Nxd2 17. Qxd2 Qxd2+ 18. Kxd2 Rd8+ 19. Ke3 g6 20. Ng3 Nc6 21. axb5 axb5 22. Rxa8 Bxa8 23. Ne4 Nd4 24. Rc1 f5 25. Nc5 Rd5 26. Na6 Bb7 27. Nb4 Rd7 28. Bf1 Nb3 29. Rc2 Rd1 30. Be2 Ra1 31. Rc3 Rb1 32. Rc2 f4+ 33. Kf2 e4 34. fxe4 Bxe4 35. Rc3 Rxb2 36. g3 Nd4 0-1

[Event "Saarlouis op 3rd"]
[Site "Saarlouis"]
[Date "2000.06.02"]
[Round "7"]
[White "Bischoff, Klaus"]
[Black "Trommsdorff, Friedrich"]
[Result "1-0"]
[WhiteElo "2544"]
[BlackElo "2215"]
[PlyCount "91"]
[EventDate "2000.05.27"]
[EventType "swiss"]
[EventRounds "9"]
[EventCountry "GER"]
[SourceTitle "EXT 2006"]
[Source "ChessBase"]
[SourceDate "2005.11.24"]
[SourceVersion "1"]
[SourceVersionDate "2005.11.24"]
[SourceQuality "1"]

1. c4 Nf6 2. Nc3 g6 3. e4 d6 4. d4 Bg7 5. f3 0-0 6. Be3 a6 7. Qd2 Re8 8. Nge2 Nfd7 9. Nc1 c5 10. Nb3 b6 11. Be2 Qc7 12. 0-0 Nc6 13. d5 Na7 14. a4 Rb8 15. Nc1 Ne5 16. h3 f5 17. f4 Nf7 18. exf5 gxf5 19. Bd3 Kh8 20. N1e2 e6 21. Ng3 Nh6 22. Nh5 Rg8 23. Rae1 Qf7 24. Be2 Bd7 25. Bf3 Rbe8 26. b3 Qg6 27. dxe6 Rxe6 28. Nxg7 Rxg7 29. Nd5 Bc6 30. Qb2 b5 31. axb5 axb5 32. Bf2 Ng8 33. Bh4 h6 34. Rxe6 Qxe6 35. Re1 Qf7 36. Re3 Kh7 37. Qe2 bxc4 38. bxc4 Nb5 39. cxb5 Bxd5 40. Kh2 Bb7 41. b6 Qd7 42. Qc2 Rg6 43. Ra3 Bxf3 44. Rxf3 Kh8 45. Qb2+ Rg7 46. Rg3 1-0

[Event "Saarlouis op 3rd"]
[Site "Saarlouis"]
[Date "2000.05.29"]
[Round "4"]
[White "Van Eck, Ted"]
[Black "Trommsdorff, Friedrich"]
[Result "1/2-1/2"]
[WhiteElo "1976"]
[BlackElo "2215"]
[PlyCount "79"]
[EventDate "2000.05.27"]
[EventType "swiss"]
[EventRounds "9"]
[EventCountry "GER"]
[SourceTitle "EXT 2006"]
[Source "ChessBase"]
[SourceDate "2005.11.24"]
[SourceVersion "1"]
[SourceVersionDate "2005.11.24"]
[SourceQuality "1"]

1. e4 c5 2. Nf3 Nc6 3. Nc3 d6 4. Bc4 Nf6 5. Bb3 e6 6. d4 cxd4 7. Nxd4 Be7 8. Be3 0-0 9. Qe2 a6 10. 0-0-0 Na5 11. g4 Nxb3+ 12. axb3 Nd7 13. h4 Qc7 14. g5 b5 15. h5 Bb7 16. g6 Nc5 17. h6 fxg6 18. hxg7 Rf7 19. Qg4 Rxg7 20. b4 h5 21. Qg2 Na4 22. Nxa4 bxa4 23. Nxe6 Qc4 24. Nxg7 Rc8 25. f3 Bf6 26. Bd4 Bxd4 27. Nxh5 Kf7 28. Rxd4 Qxd4 29. Nf4 Qe3+ 30. Qd2 Qxf3 31. Rh7+ Kg8 32. Rxb7 Qf1+ 33. Qd1 Qxf4+ 34. Kb1 Qxe4 35. Rd7 Rc6 36. Rxd6 Rxd6 37. Qxd6 Kg7 38. Qxa6 Qxb4 39. c4 g5 40. Qe6 1/2-1/2

[Event "Saarlouis op 3rd"]
[Site "Saarlouis"]
[Date "2000.05.28"]
[Round "2"]
[White "Mischke, Christian"]
[Black "Trommsdorff, Friedrich"]
[Result "0-1"]
[WhiteElo "1524"]
[BlackElo "2215"]
[PlyCount "50"]
[EventDate "2000.05.27"]
[EventType "swiss"]
[EventRounds "9"]
[EventCountry "GER"]
[SourceTitle "EXT 2006"]
[Source "ChessBase"]
[SourceDate "2005.11.24"]
[SourceVersion "1"]
[SourceVersionDate "2005.11.24"]
[SourceQuality "1"]

1. e4 c5 2. Nf3 Nc6 3. d4 cxd4 4. Nxd4 Nf6 5. Nc3 e5 6. Nf3 Be7 7. Be3 0-0 8. Be2 Bb4 9. Bg5 h6 10. Bh4 g5 11. Nxg5 hxg5 12. Bxg5 Nd4 13. a3 Be7 14. Bh6 Re8 15. g4 d5 16. exd5 Nxd5 17. Bd3 Nxc3 18. bxc3 Qd5 19. Rf1 Nf3+ 20. Ke2 e4 21. Ba6 Qc6 22. c4 Qxa6 23. Qc1 Qxc4+ 24. Ke3 Qc3+ 25. Kf4 Bd6# 0-1

[Event "Saarlouis op 3rd"]
[Site "Saarlouis"]
[Date "2000.05.27"]
[Round "1"]
[White "Trommsdorff, Friedrich"]
[Black "Krah, Franz"]
[Result "1/2-1/2"]
[WhiteElo "2215"]
[BlackElo "1710"]
[PlyCount "97"]
[EventDate "2000.05.27"]
[EventType "swiss"]
[EventRounds "9"]
[EventCountry "GER"]
[SourceTitle "EXT 2006"]
[Source "ChessBase"]
[SourceDate "2005.11.24"]
[SourceVersion "1"]
[SourceVersionDate "2005.11.24"]
[SourceQuality "1"]

1. d4 Nf6 2. c4 g6 3. Nf3 Bg7 4. g3 d5 5. cxd5 Nxd5 6. Bg2 c6 7. Nc3 Qa5 8. Bd2 Qb6 9. Qb3 Qxb3 10. axb3 0-0 11. 0-0 Bg4 12. h3 Bxf3 13. Bxf3 e6 14. e3 Rd8 15. Na4 Nd7 16. b4 e5 17. b5 exd4 18. bxc6 bxc6 19. Ba5 dxe3 20. Bxd8 exf2+ 21. Kh2 Rxd8 22. Rxf2 Ne5 23. Be2 Rb8 24. Bf1 Nb4 25. Nc5 Bf8 26. Na6 Nxa6 27. Rxa6 Bc5 28. Rc2 Bb6 29. Kg2 Rd8 30. Be2 Rd6 31. Ra4 Rf6 32. Rf4 Rd6 33. h4 h5 34. b4 f5 35. b5 cxb5 36. Bxb5 Ng4 37. Re2 Rd1 38. Re7 Rg1+ 39. Kf3 Nh2+ 40. Ke2 Rg2+ 41. Kd1 Rxg3 42. Rc4 Rd3+ 43. Ke2 Rd8 44. Rc6 Kf8 45. Ree6 Ng4 46. Rxg6 Re8+ 47. Kd1 Rd8+ 48. Ke2 Re8+ 49. Kd1 1/2-1/2